1155 1831 1340 1826 1727 1297 1209 1083 1121 1999 1571 1113 1422 1112 1862 1564 1565 1979 1485 1669 1691 1605 1480 1536 1650 1856 1016 1558 1084 1696 1552 1964 1654 1022 1746 1350 1657 1335 1644 1739 1406 1515 1563 1861 1744 1593 1817 1412 1497 1608 1125 1679 1914 1920 1885 1852 1252 1713 1440 1461 1130 1479 1610 1417 1327 1349 1984 1235 1040 1455 1813 1215 1673 1880 1501 1297 1395 1578 1669 1110 1019 1448 1487 1900 1838 1453 1661 1716 1597 1447 1936 1730 1520 1334 1302 1184 1905 1325 1315 BCNSPRNW ULIB Ver.6.0+V

เปลี่ยนเป็นภาษาไทย

Change to English
 แสดงรายละเอียดบรรณานุกรม
  กลับหน้าหลัก

Brief Record : Get Marc (ISO 2709) : E-mail record : QR code < ปิดหน้าต่าง
LEADER : 00000nam 2200000uu 4500
001    13399127943
003     ULIB
008    211115s2021||||th 000 0 tha d
020    ^a9780323674621
060 04 ^aWD300^bP371
245 00 ^aPediatric Allergy :^bprinciples and practice /^cDonald Y.M. Leung ... [et al.]
250    ^a4th ed.
260    ^aEdinburgh :^bSaunders/Elsevier,^c2021
300    ^axv, 426 p. :^bill. ;^c29 cm.
650  2 ^aImmune System Diseases^xphysiopathology
650  2 ^aImmune System Diseases^xepidemiology
650  2 ^aImmune System Diseases^xtherapy
650  2 ^aImmunity^xphysiology
650  2 ^aChild
700 1  ^aLeung, Donald Y. M.,^d1949-
945    ^p3179^l0^i008531
999    ^aประนอม เกษจรัล
รายการนี้ยังไม่มีแท็ก
คุณยังไม่ได้ล็อกอิน คุณสามารถมีกิจกรรมร่วมกับเว็บไซต์ได้ แต่ต้องล็อกอินก่อน ::
  ล็อกอิน

รายการสื่อสารสนเทศ

ลำดับที่ ประเภท เลขเรียก/บาร์โค้ด สถานที่ สถานะ
1. วิทยาศาสตร์การแพทย์ และสุขภาพ
หนังสือสำรอง
สถานะ=หนังสือสำรอง
WD300 P371 ฉ.1 
  Barcode: 008531
ห้องสมุดวิทยาเขตสวรรค์ประชารักษ์
►หนังสือทั่วไป
บนชั้น

รายการใกล้เคียง
    หัวเรื่อง [Child]

BibComment


ยังไม่เคยถูกคอมเมนท์

คอมเมนท์ทรัพยากรรายการนี้
  คอมเมนท์: Pediatric Allerg..


 Copyright 2026. Bcnsprnw @Library